[Event "Tradewise Hastings Masters 15-16"]
[Site "Hastings, England"]
[Date "2016.01.02"]
[Round "6.1"]
[White "Vakhidov, Jahongir"]
[Black "Berkes, Ferenc"]
[Result "0-1"]
[WhiteElo "2546"]
[BlackElo "2650"]
[PlyCount "100"]
[EventDate "2016.??.??"]

1. c4 e5 2. Nc3 Nf6 3. Nf3 Nc6 4. e3 Bb4 5. Qc2 Bxc3 6. Qxc3 Qe7 7. a3 O-O 8.
b4 d6 9. Bb2 e4 10. b5 Nd8 11. Nd4 c5 12. Ne2 b6 13. Ng3 Ne8 14. d3 f5 15. dxe4
fxe4 16. Be2 Nf6 17. Rd1 a6 18. a4 axb5 19. axb5 Ra7 20. O-O Nf7 21. Rd2 Qe6
22. h3 Ne5 23. Qc2 Bb7 24. Rfd1 Rd8 25. Bc3 Ba8 26. Qb2 Rad7 27. Bxe5 Qxe5 28.
Qxe5 dxe5 29. Rxd7 Rxd7 30. Ra1 Bb7 31. Bg4 Nxg4 32. hxg4 Kf7 33. Kf1 Kf6 34.
Ke2 h6 35. Rh1 Rd8 36. Rh5 Ra8 37. Rf5+ Ke6 38. Nh5 Rg8 39. f4 exf3+ 40. gxf3
Bc8 41. f4 g6 42. Rxe5+ Kf7 43. Ng3 Bxg4+ 44. Kd2 Rd8+ 45. Kc3 Re8 46. Rxe8
Kxe8 47. Kd3 h5 48. Nf1 h4 49. Nh2 Be6 50. e4 h3 0-1

[Event "Tradewise Hastings Masters 15-16"]
[Site "Hastings, England"]
[Date "2016.01.02"]
[Round "6.2"]
[White "Arkell, Keith C"]
[Black "Mista, Aleksander"]
[Result "0-1"]
[WhiteElo "2490"]
[BlackElo "2567"]
[PlyCount "116"]
[EventDate "2016.??.??"]

1. d4 Nf6 2. Nf3 g6 3. c4 Bg7 4. g3 O-O 5. Bg2 c6 6. Nc3 d5 7. cxd5 cxd5 8. Ne5
Bf5 9. O-O Ne4 10. Be3 Nxc3 11. bxc3 Nc6 12. Nxc6 bxc6 13. Qa4 Qb6 14. Rac1
Rab8 15. c4 e6 16. Bf4 Rbc8 17. Bd6 Rfd8 18. Be7 Re8 19. Bc5 Qb2 20. cxd5 cxd5
21. Rfe1 Bf8 22. e3 Red8 23. a3 Rc7 24. Qb4 Rb8 25. Qxb2 Rxb2 26. Bxf8 Rxc1 27.
Rxc1 Kxf8 28. f3 Bd3 29. e4 Bc4 30. Bf1 Bxf1 31. Kxf1 dxe4 32. fxe4 Rxh2 33.
Rc4 Rb2 34. Ra4 Rb7 35. Ke2 h5 36. Ra5 Kg7 37. Kf3 Kf6 38. Kf4 Rc7 39. g4 hxg4
40. Kxg4 Rc4 41. e5+ Kg7 42. Rxa7 Rxd4+ 43. Kf3 g5 44. a4 g4+ 45. Kg3 Rd5 46.
Kxg4 Rxe5 47. a5 Kf6 48. Ra8 Re4+ 49. Kf3 Ra4 50. a6 e5 51. Ke3 Kf5 52. Ra7
Ra3+ 53. Kf2 f6 54. Ra8 Ke4 55. a7 f5 56. Kg2 Ra2+ 57. Kg3 f4+ 58. Kh3 Kf3 0-1

[Event "Tradewise Hastings Masters 15-16"]
[Site "Hastings, England"]
[Date "2016.01.02"]
[Round "6.3"]
[White "Fodor, Tamas Jr"]
[Black "Krishna C R G"]
[Result "1-0"]
[WhiteElo "2492"]
[BlackElo "2367"]
[PlyCount "133"]
[EventDate "2016.??.??"]

1. e4 e6 2. d4 d5 3. Nc3 Bb4 4. e5 c5 5. a3 Bxc3+ 6. bxc3 Qa5 7. Bd2 Qa4 8. Qg4
Kf8 9. Qd1 Nc6 10. Nf3 Nge7 11. Qb1 c4 12. g3 Ke8 13. Bh3 h6 14. O-O Bd7 15.
Nh4 Rg8 16. Qd1 Kd8 17. f4 g6 18. f5 Nxf5 19. Nxf5 gxf5 20. Bxh6 Kc7 21. Bf4
Ne7 22. Bg2 Qa5 23. Qd2 Ba4 24. h4 Rg7 25. Kf2 Rag8 26. Rh1 Nc6 27. Bf3 b5 28.
Rhg1 Kb7 29. Bg5 Qc7 30. g4 fxg4 31. Rxg4 Qb6 32. Kg3 Qc7 33. Bf6 Rxg4+ 34.
Bxg4 Ne7 35. h5 Nf5+ 36. Kh3 Bxc2 37. h6 Nxh6 38. Qxh6 Qa5 39. Qd2 Be4 40. Qb2
Qa4 41. Ra2 Qb3 42. Bd1 Qxb2 43. Rxb2 a6 44. Bh5 Rg1 45. Bxf7 Rc1 46. Bxe6
Rxc3+ 47. Kh4 Rc1 48. Rh2 c3 49. Bg4 c2 50. Bg5 Re1 51. e6 Bg6 52. Bf3 Kc6 53.
e7 c1=Q 54. Bxc1 Rxc1 55. Kg5 Be8 56. Bg4 Re1 57. Rh6+ Kc7 58. Re6 Re4 59. Bf5
Rxd4 60. Rxa6 Ra4 61. Rxa4 bxa4 62. Kf6 Kd6 63. Be6 d4 64. Bc4 Kc7 65. Kg7 d3
66. Bxd3 Kd6 67. Kf8 1-0

[Event "Tradewise Hastings Masters 15-16"]
[Site "Hastings, England"]
[Date "2016.01.02"]
[Round "6.4"]
[White "Pap, Gyula"]
[Black "Romanishin, Oleg M"]
[Result "1/2-1/2"]
[WhiteElo "2551"]
[BlackElo "2462"]
[PlyCount "63"]
[EventDate "2016.??.??"]

1. Nf3 Nf6 2. c4 e6 3. g3 a6 4. Bg2 b5 5. b3 Bb7 6. Nc3 b4 7. Na4 d6 8. O-O
Nbd7 9. d4 Be7 10. Nd2 Bxg2 11. Kxg2 c5 12. Bb2 cxd4 13. Bxd4 Nc5 14. Bxc5 dxc5
15. Nf3 Qc7 16. Qc2 O-O 17. Rad1 Rad8 18. e4 Qc6 19. Rxd8 Rxd8 20. Re1 h6 21.
e5 Nh7 22. h4 g5 23. Qe4 Qxe4 24. Rxe4 gxh4 25. gxh4 h5 26. Nb2 Nf8 27. Kf1 Ng6
28. Ke2 a5 29. Nd3 Ra8 30. Nb2 Rd8 31. Nd3 Ra8 32. Nb2 1/2-1/2

[Event "Tradewise Hastings Masters 15-16"]
[Site "Hastings, England"]
[Date "2016.01.02"]
[Round "6.5"]
[White "Khenkin, Igor"]
[Black "Nagy, Gabor"]
[Result "1/2-1/2"]
[WhiteElo "2605"]
[BlackElo "2403"]
[PlyCount "44"]
[EventDate "2016.??.??"]

1. d4 Nf6 2. Nf3 c5 3. d5 e6 4. c4 d6 5. Nc3 exd5 6. cxd5 g6 7. Bf4 Bg7 8. Qa4+
Bd7 9. Qb3 Qc7 10. e4 O-O 11. Be2 b5 12. Bxb5 Nxe4 13. Nxe4 Qa5+ 14. Nfd2 Bxb5
15. Nxd6 Ba6 16. O-O-O Nd7 17. N2c4 Bxc4 18. Nxc4 Qa6 19. Rhe1 Nb6 20. Na3 Na4
21. Nc4 Nb6 22. Na3 Na4 1/2-1/2

[Event "Tradewise Hastings Masters 15-16"]
[Site "Hastings, England"]
[Date "2016.01.02"]
[Round "6.6"]
[White "Sulskis, Sarunas"]
[Black "Sarkar, Justin"]
[Result "1-0"]
[WhiteElo "2535"]
[BlackElo "2407"]
[PlyCount "173"]
[EventDate "2016.??.??"]

1. e4 c6 2. d4 d5 3. e5 Bf5 4. Nf3 e6 5. Be2 Ne7 6. O-O Nd7 7. Nbd2 Nc8 8. a4
Be7 9. a5 a6 10. Nb3 Na7 11. Be3 O-O 12. Nc5 Bxc5 13. dxc5 Bg4 14. Bg5 Qe8 15.
Qd4 Bxf3 16. Bxf3 Nb5 17. Qe3 d4 18. Qf4 h6 19. Bf6 Nxf6 20. exf6 Qd8 21. fxg7
Kxg7 22. h4 Qf6 23. Qh2 Qf5 24. Rfe1 Qxc5 25. Qg3+ Kh7 26. Re5 Qd6 27. Rae1 Rg8
28. Qf4 f5 29. Be2 Rg6 30. Bc4 Nc7 31. g3 Rf8 32. Qf3 Rff6 33. Qb3 Rg7 34. Bxe6
Nxe6 35. Rxe6 Rxe6 36. Rxe6 Qd5 37. Qxd5 cxd5 38. Rf6 Rc7 39. Rxf5 Rxc2 40.
Rxd5 Rxb2 41. Rxd4 Rb5 42. Rd6 Rxa5 43. Rb6 Ra3 44. Rxb7+ Kg6 45. Rb6+ Kh7 46.
h5 Ra5 47. g4 Ra4 48. Rg6 a5 49. Kg2 Rb4 50. f3 a4 51. Ra6 Kg7 52. Kf2 Kh7 53.
Ra5 Kg7 54. Ke3 Kf7 55. f4 Kg7 56. Kf3 Kf7 57. Ra7+ Kg8 58. Ra6 Kg7 59. g5 hxg5
60. h6+ Kh7 61. fxg5 Rh4 62. Kg3 Rh1 63. Rxa4 Rg1+ 64. Kh4 Rh1+ 65. Kg4 Rg1+
66. Kh5 Rh1+ 67. Rh4 Rg1 68. Rh2 Rg3 69. Ra2 Rh3+ 70. Kg4 Rh1 71. Ra7+ Kh8 72.
Re7 Rh2 73. Kf5 Rf2+ 74. Kg6 Rf8 75. Re5 Kg8 76. Kh5 Rf1 77. g6 Rh1+ 78. Kg5
Rg1+ 79. Kf6 Rf1+ 80. Rf5 Rh1 81. Rf2 Rh3 82. Rc2 Rf3+ 83. Kg5 Rg3+ 84. Kf5
Rf3+ 85. Kg4 Rf8 86. Kg5 Ra8 87. h7+ 1-0

[Event "Tradewise Hastings Masters 15-16"]
[Site "Hastings, England"]
[Date "2016.01.02"]
[Round "6.7"]
[White "Flear, Glenn C"]
[Black "Gormally, Daniel W"]
[Result "1-0"]
[WhiteElo "2459"]
[BlackElo "2506"]
[PlyCount "57"]
[EventDate "2016.??.??"]

1. d4 Nf6 2. c4 c5 3. d5 b5 4. cxb5 a6 5. bxa6 g6 6. Nc3 Bg7 7. e4 O-O 8. Nf3
Qa5 9. Nd2 Bxa6 10. Bxa6 Qxa6 11. a4 e6 12. dxe6 fxe6 13. Nb5 Qc6 14. Qe2 d5
15. O-O Nbd7 16. Ra3 Nh5 17. Nf3 Nf4 18. Bxf4 Rxf4 19. exd5 exd5 20. Re3 Nf8
21. b3 c4 22. g3 d4 23. Nfxd4 Bxd4 24. gxf4 Bxe3 25. Qxe3 Re8 26. Qc1 Qf3 27.
Qxc4+ Ne6 28. f5 Qxf5 29. Nc7 1-0

[Event "Tradewise Hastings Masters 15-16"]
[Site "Hastings, England"]
[Date "2016.01.02"]
[Round "6.8"]
[White "Karthik, V. AP."]
[Black "Bagi, Mate"]
[Result "0-1"]
[WhiteElo "2310"]
[BlackElo "2440"]
[PlyCount "72"]
[EventDate "2016.??.??"]

1. d4 Nf6 2. c4 g6 3. Nf3 Bg7 4. g3 c6 5. Bg2 d5 6. cxd5 cxd5 7. O-O O-O 8. Ne5
Ng4 9. f4 Nxe5 10. fxe5 Nc6 11. Nc3 Be6 12. Be3 Qd7 13. Qd2 Rad8 14. Bh6 Bxh6
15. Qxh6 Nxd4 16. e4 Nc2 17. Rad1 d4 18. Nd5 Bxd5 19. exd5 Qc7 20. e6 f5 21.
Rd2 Ne3 22. Rxd4 Nxg2 23. Kxg2 Qe5 24. Rfd1 f4 25. gxf4 Qe2+ 26. Kg1 Qe3+ 27.
Kh1 Qf3+ 28. Kg1 Qg4+ 29. Kf2 Rc8 30. Ke3 Rf5 31. d6 Rh5 32. dxe7 Qxe6+ 33. Re4
Qb6+ 34. Kf3 Rxh6 35. e8=Q+ Rxe8 36. Rxe8+ Kf7 0-1

[Event "Tradewise Hastings Masters 15-16"]
[Site "Hastings, England"]
[Date "2016.01.02"]
[Round "6.9"]
[White "Hebden, Mark L"]
[Black "Cunningham, Robin"]
[Result "1-0"]
[WhiteElo "2469"]
[BlackElo "2205"]
[PlyCount "97"]
[EventDate "2016.??.??"]

1. d4 f5 2. Nf3 Nf6 3. g3 g6 4. Bg2 Bg7 5. O-O O-O 6. c4 d6 7. Nc3 Nc6 8. d5
Na5 9. Qa4 c5 10. dxc6 Nxc6 11. Rd1 Kh8 12. c5 d5 13. Bg5 Be6 14. Ne1 Ne4 15.
Nxe4 fxe4 16. Bxe4 Qe8 17. Bg2 Qf7 18. Nf3 h6 19. Be3 g5 20. Rd2 Rad8 21. Rf1
a6 22. h4 g4 23. Nd4 Bd7 24. Nxc6 bxc6 25. Rdd1 e5 26. Bd2 Rb8 27. b3 Qe7 28.
Bc1 a5 29. Qxa5 Ra8 30. Qc3 Rxa2 31. Rd2 e4 32. Qe3 Rfa8 33. b4 Qe5 34. Qb3
Rxd2 35. Bxd2 d4 36. Bf4 Qe8 37. Rc1 Be6 38. Qc2 Bd5 39. b5 cxb5 40. c6 Rc8 41.
c7 Be5 42. Qc5 Bxf4 43. gxf4 Bc4 44. Qxd4+ Kg8 45. Qd6 Qf8 46. Qd7 Qe8 47.
Qxe8+ Rxe8 48. Rd1 Be6 49. Rd8 1-0

[Event "Tradewise Hastings Masters 15-16"]
[Site "Hastings, England"]
[Date "2016.01.02"]
[Round "6.10"]
[White "Williams, Simon K"]
[Black "Anderson, John"]
[Result "1-0"]
[WhiteElo "2439"]
[BlackElo "2247"]
[PlyCount "59"]
[EventDate "2016.??.??"]

1. c4 g6 2. d4 Nf6 3. Nc3 d5 4. Nf3 Bg7 5. h4 c6 6. Bg5 Nbd7 7. cxd5 Nxd5 8. h5
Nxc3 9. bxc3 Qa5 10. Bd2 Qd5 11. Rh4 e5 12. e4 Qd6 13. Qb3 a5 14. a4 Bf6 15.
Rh1 Qe7 16. Bc4 O-O 17. hxg6 hxg6 18. Rh6 Kg7 19. O-O-O b5 20. axb5 cxb5 21.
Bd5 Rb8 22. Rdh1 b4 23. Ng5 Bxg5 24. Rh7+ Kf6 25. Bxg5+ Kxg5 26. c4 Qd8 27.
Qg3+ Kf6 28. Qh4+ g5 29. Qh6+ Ke7 30. Qe6# 1-0

[Event "Tradewise Hastings Masters 15-16"]
[Site "Hastings, England"]
[Date "2016.01.02"]
[Round "6.11"]
[White "Rudd, Jack"]
[Black "Eggleston, David J"]
[Result "0-1"]
[WhiteElo "2255"]
[BlackElo "2396"]
[PlyCount "112"]
[EventDate "2016.??.??"]

1. d4 Nf6 2. c4 e6 3. Nc3 Bb4 4. f3 d5 5. a3 Bxc3+ 6. bxc3 c5 7. cxd5 Nxd5 8.
Qd3 O-O 9. e4 Ne7 10. Be3 Qa5 11. Qd2 Rd8 12. Bd3 Nbc6 13. Ne2 b6 14. Ra2 Ba6
15. Bxa6 Qxa6 16. O-O Rd7 17. Qe1 Qc4 18. Rd2 Rad8 19. Qg3 Kh8 20. Rfd1 Qb3 21.
Kf2 Qxa3 22. h4 Na5 23. dxc5 Rxd2 24. Rxd2 Rxd2 25. Qb8+ Ng8 26. Bxd2 Qxc5+ 27.
Be3 Qe7 28. g3 e5 29. Qc8 Qe6 30. Qa6 Nc6 31. c4 f5 32. exf5 Qxf5 33. Qb5 Nge7
34. c5 e4 35. f4 Qh5 36. Ke1 h6 37. Qc4 Qf3 38. Bg1 e3 39. cxb6 axb6 40. Qe6
Qxe2+ 41. Kxe2 Nd4+ 42. Kxe3 Nxe6 43. Ke4 Nc5+ 44. Ke5 Kg8 45. f5 Kf7 46. g4
Nc8 47. g5 h5 48. g6+ Ke7 49. Kf4 Nd7 50. Bd4 Nf6 51. Ke5 Nd6 52. Bc3 Nc4+ 53.
Kd4 b5 54. Bb4+ Ke8 55. Bc3 Ne3 56. Ke5 Ned5 0-1

[Event "Tradewise Hastings Masters 15-16"]
[Site "Hastings, England"]
[Date "2016.01.02"]
[Round "6.12"]
[White "Ledger, Dave J"]
[Black "Bates, Richard A"]
[Result "1-0"]
[WhiteElo "2212"]
[BlackElo "2331"]
[PlyCount "81"]
[EventDate "2016.??.??"]

1. e4 c5 2. Nf3 d6 3. d4 cxd4 4. Nxd4 Nf6 5. Nc3 a6 6. g3 e5 7. Nb3 Nbd7 8. a4
b6 9. Bg2 Bb7 10. O-O Rc8 11. Re1 Be7 12. Nd2 Rc5 13. Nf1 Qa8 14. Ra3 O-O 15.
Bg5 h6 16. Bxf6 Nxf6 17. Rb3 b5 18. axb5 axb5 19. Ne3 Bc6 20. Nf5 Qa7 21. Qd3
Rb8 22. Ra3 Qc7 23. Rea1 b4 24. Ra7 Rb7 25. Ra8+ Kh7 26. Nd5 Bxd5 27. exd5 g6
28. Ne3 Qd7 29. h4 Rbc7 30. R1a6 Ng4 31. h5 Nxe3 32. hxg6+ fxg6 33. Qxe3 Bg5
34. Qd3 Rxc2 35. Be4 Rd2 36. Qf3 Qe7 37. Rc6 Rd7 38. Rcc8 Qf6 39. Rh8+ Qxh8 40.
Bxg6+ Kxg6 41. Rxh8 1-0

[Event "Tradewise Hastings Masters 15-16"]
[Site "Hastings, England"]
[Date "2016.01.02"]
[Round "6.13"]
[White "Radovanovic, Jovica"]
[Black "Tarhon, Brian"]
[Result "0-1"]
[WhiteElo "2321"]
[BlackElo "2139"]
[PlyCount "146"]
[EventDate "2016.??.??"]

1. d4 Nf6 2. c4 e6 3. g3 d5 4. Bg2 Be7 5. Nf3 O-O 6. O-O dxc4 7. Ne5 c5 8. dxc5
Qc7 9. Nxc4 Rd8 10. Qb3 Nbd7 11. Bf4 e5 12. Nd6 Rf8 13. Nb5 Qb8 14. Be3 Nxc5
15. Qc2 Ne6 16. N1c3 a6 17. Na3 b5 18. Nd5 Nxd5 19. Bxd5 Bb7 20. Bxb7 Qxb7 21.
Rac1 Rac8 22. Qb3 Bg5 23. Rxc8 Rxc8 24. Rd1 g6 25. Nb1 Qc6 26. Nc3 Bxe3 27.
fxe3 Ng5 28. Nd5 Qe6 29. Qb4 Kg7 30. Nc3 Rc4 31. Qd6 Qxd6 32. Rxd6 b4 33. Na4
Rc1+ 34. Kg2 Re1 35. h4 Rxe2+ 36. Kf1 Ne4 37. Rxg6+ Kxg6 38. Kxe2 Nxg3+ 39. Kf3
Nf5 40. e4 Nxh4+ 41. Kg3 Kg5 42. Nc5 f5 43. Nxa6 fxe4 44. Nxb4 Nf5+ 45. Kg2
Ne3+ 46. Kh3 Nd1 47. b3 e3 48. a4 e2 49. Nc2 Nf2+ 50. Kg3 Nd3 51. a5 h5 52. a6
Nb4 53. Ne1 Nxa6 54. Kf2 Kf4 55. Nd3+ Ke4 56. Kxe2 Kd4 57. b4 Nc7 58. Ne1 e4
59. Kf2 Nb5 60. Ng2 Nc3 61. Kg3 Kd3 62. Nf4+ Kd2 63. Kh4 e3 64. Kxh5 Nd5 65.
Ng2 e2 66. Kg5 Ne3 67. Nh4 Ke1 68. Nf3+ Kf2 69. Ne5 Nd5 70. Nd3+ Ke3 71. Ne1
Nxb4 72. Kg4 Kf2 73. Nf3 Nd3 0-1

[Event "Tradewise Hastings Masters 15-16"]
[Site "Hastings, England"]
[Date "2016.01.02"]
[Round "6.14"]
[White "Longson, Alexander"]
[Black "Helbig, Paul D"]
[Result "1-0"]
[WhiteElo "2320"]
[BlackElo "2122"]
[PlyCount "63"]
[EventDate "2016.??.??"]

1. e4 g6 2. d4 Bg7 3. Nc3 d6 4. Be3 a6 5. f4 b5 6. Bd3 Bb7 7. Nf3 Nd7 8. e5 e6
9. a4 b4 10. Ne4 Bxe4 11. Bxe4 d5 12. Bd3 c5 13. dxc5 Qc7 14. Qe2 a5 15. Nd4
Nxc5 16. Nb5 Nxd3+ 17. cxd3 Qb8 18. Rc1 Ne7 19. Nc7+ Kd7 20. Nxa8 Qxa8 21. O-O
Nf5 22. Bb6 Rc8 23. d4 Rc6 24. Qb5 Ne3 25. Rf2 Qb7 26. Rxc6 Qxc6 27. Qxc6+ Kxc6
28. Bxa5 Bf8 29. b3 Be7 30. Re2 Nd1 31. Rc2+ Nc3 32. Rxc3+ 1-0

[Event "Tradewise Hastings Masters 15-16"]
[Site "Hastings, England"]
[Date "2016.01.02"]
[Round "6.15"]
[White "Kett, Tim"]
[Black "Batchelor, Peter J"]
[Result "0-1"]
[WhiteElo "2192"]
[BlackElo "2307"]
[PlyCount "92"]
[EventDate "2016.??.??"]

1. e4 c6 2. d4 d5 3. exd5 cxd5 4. c4 Nf6 5. Nc3 Nc6 6. Nf3 g6 7. cxd5 Nxd5 8.
Bc4 Nb6 9. Bb3 Bg7 10. O-O O-O 11. d5 Na5 12. Bc2 Nac4 13. Bb3 Na5 14. Bc2 Nac4
15. Bb3 Re8 16. Ng5 Bd7 17. Re1 h6 18. Ne6 fxe6 19. dxe6 Bc6 20. Qg4 Qd4 21.
Qxg6 Rf8 22. Bxh6 Qxf2+ 23. Kh1 Bxg2+ 24. Qxg2 Qxg2+ 25. Kxg2 Bxh6 26. Re4 Rf4
27. Rae1 Nd2 28. Rxf4 Bxf4 29. Kh3 Kg7 30. Kg4 Nxb3 31. axb3 Bd2 32. Rf1 Rf8
33. Rxf8 Kxf8 34. Ne4 Bc1 35. Nc5 Bxb2 36. Nxb7 Kg7 37. Kf5 Nc8 38. h4 Nd6+ 39.
Nxd6 exd6 40. Ke4 Kf6 41. Kd5 Ke7 42. b4 a6 43. h5 Bc1 44. Kc6 Kxe6 45. b5 axb5
46. Kxb5 Ke5 0-1

[Event "Tradewise Hastings Masters 15-16"]
[Site "Hastings, England"]
[Date "2016.01.02"]
[Round "6.16"]
[White "Gluckman, Paul"]
[Black "Wadsworth, Matthew J"]
[Result "1/2-1/2"]
[WhiteElo "1742"]
[BlackElo "2273"]
[PlyCount "74"]
[EventDate "2016.??.??"]

1. e4 c5 2. Nf3 e6 3. d4 cxd4 4. Nxd4 Nc6 5. Nc3 Qc7 6. Nb3 a6 7. Be2 Nf6 8.
O-O b5 9. a3 Bb7 10. f4 Na5 11. Qd3 Nxb3 12. cxb3 d5 13. e5 Ne4 14. Be3 Bc5 15.
b4 Bxe3+ 16. Qxe3 Nxc3 17. bxc3 Qc6 18. Qd4 O-O 19. Rf3 f5 20. Rg3 Rfc8 21. Rb1
a5 22. bxa5 Rxa5 23. Qb4 Qc5+ 24. Qxc5 Rxc5 25. Rb3 Bc6 26. Rd3 Be8 27. Rd4 Rc8
28. Rdb4 Rca8 29. Bxb5 Bxb5 30. Rxb5 Rxb5 31. Rxb5 Rxa3 32. Rb8+ Kf7 33. Rb7+
Kf8 34. Rb8+ Ke7 35. Rb7+ Kf8 36. Rb8+ Kf7 37. Rb7+ Kf8 1/2-1/2

[Event "Tradewise Hastings Masters 15-16"]
[Site "Hastings, England"]
[Date "2016.01.02"]
[Round "6.17"]
[White "Ripari, Marcelo"]
[Black "Cafferty, Bernard"]
[Result "1-0"]
[WhiteElo "2310"]
[BlackElo "2096"]
[PlyCount "101"]
[EventDate "2016.??.??"]

1. e4 d5 2. exd5 Nf6 3. Nf3 Nxd5 4. d4 g6 5. g3 Bg7 6. Bg2 O-O 7. O-O Nd7 8.
Re1 c6 9. Nbd2 N7f6 10. Nc4 Qc7 11. Nce5 Ng4 12. c4 Nxe5 13. Nxe5 Nb6 14. c5
Nd7 15. Nc4 Qd8 16. Bf4 Nf6 17. Be5 Be6 18. Qe2 Bd5 19. f3 Re8 20. b3 Nd7 21.
Bxg7 Kxg7 22. Qb2 Kg8 23. Ne3 Nf6 24. Rad1 Qd7 25. Nxd5 Nxd5 26. f4 Rad8 27. b4
a6 28. a4 h5 29. Re5 Qg4 30. Rd2 h4 31. Rg5 Qe6 32. Re2 Qf6 33. Bxd5 Rxd5 34.
Rxd5 cxd5 35. Re5 Qc6 36. b5 axb5 37. axb5 Qd7 38. Kg2 Ra8 39. Qe2 e6 40. gxh4
Ra4 41. h5 Rxd4 42. hxg6 Rxf4 43. gxf7+ Qxf7 44. Rg5+ Kh7 45. Qe3 Rh4 46. Qg3
Rh6 47. b6 d4 48. Qd3+ Kh8 49. Qxd4+ Kh7 50. Qe4+ Kh8 51. Qe5+ 1-0

[Event "Tradewise Hastings Masters 15-16"]
[Site "Hastings, England"]
[Date "2016.01.02"]
[Round "6.18"]
[White "Gaudeau, Valentin"]
[Black "Prosviriakov, Vladimir"]
[Result "0-1"]
[WhiteElo "2080"]
[BlackElo "2232"]
[PlyCount "136"]
[EventDate "2016.??.??"]

1. d4 e6 2. Nf3 f5 3. g3 Nf6 4. Bg2 d5 5. O-O Bd6 6. c4 c6 7. Nc3 O-O 8. Qc2
Ne4 9. Rb1 a5 10. c5 Bc7 11. b3 Nd7 12. Bf4 Bxf4 13. gxf4 Qe8 14. Ne5 Nxe5 15.
fxe5 Qh5 16. a3 Nxc3 17. Qxc3 Qxe2 18. f4 Qg4 19. Rf3 Bd7 20. Kh1 Be8 21. b4
axb4 22. Rxb4 Ra7 23. Qb2 Rf7 24. Qd2 Qh4 25. Rh3 Qd8 26. Rhb3 Qa5 27. Kg1 Bd7
28. Qf2 Bc8 29. Qh4 Qc7 30. Rh3 h6 31. Rg3 Qe7 32. Qxh6 Rxa3 33. Qh5 Rxg3 34.
hxg3 b5 35. Rb1 Qa7 36. Qd1 Qa3 37. Rb3 Qa4 38. Bf1 Ra7 39. Qd3 Qa2 40. Qc3 Ra4
41. Rb2 Qa1 42. Qd2 Bd7 43. Kg2 Be8 44. Be2 Qa3 45. Kf2 Qa1 46. Kg2 Kh7 47. Kh2
Ra7 48. Kg2 Kg8 49. g4 g6 50. g5 Rh7 51. Bd1 Rh4 52. Rb3 Kf8 53. Rd3 Qb1 54.
Kg3 Rh1 55. Kg2 Re1 56. Kf2 Rh1 57. Kg2 Rh7 58. Rb3 Qa1 59. Rb2 Qa8 60. Be2 Ra7
61. Bd3 Ra1 62. Qf2 Kg8 63. Kf3 Qa3 64. Rd2 Qc3 65. Kg2 b4 66. Bf1 b3 67. Rd3
Qc2 68. Rd2 Qxd2 0-1

[Event "Tradewise Hastings Masters 15-16"]
[Site "Hastings, England"]
[Date "2016.01.02"]
[Round "6.19"]
[White "Rolvag, Mikael"]
[Black "Atako, Chino C"]
[Result "1/2-1/2"]
[WhiteElo "2221"]
[BlackElo "2050"]
[PlyCount "29"]
[EventDate "2016.??.??"]

1. d4 d5 2. Nf3 Nf6 3. c4 c6 4. e3 e6 5. Bd3 dxc4 6. Bxc4 Nbd7 7. O-O Bd6 8. b3
Qe7 9. Bb2 O-O 10. Nbd2 e5 11. dxe5 Nxe5 12. Nxe5 Bxe5 13. Bxe5 Qxe5 14. Nf3
Qe7 15. Qc2 1/2-1/2

[Event "Tradewise Hastings Masters 15-16"]
[Site "Hastings, England"]
[Date "2016.01.02"]
[Round "6.20"]
[White "Norinkeviciute, Rasa"]
[Black "Gluckman, David"]
[Result "1/2-1/2"]
[WhiteElo "2036"]
[BlackElo "2219"]
[PlyCount "36"]
[EventDate "2016.??.??"]

1. c4 Nf6 2. g3 d5 3. cxd5 Nxd5 4. Nc3 Nxc3 5. bxc3 g6 6. Bg2 Bg7 7. Rb1 Nd7 8.
d4 O-O 9. Nf3 c5 10. O-O cxd4 11. cxd4 Nb6 12. e4 Bg4 13. Be3 Nc4 14. Rxb7 Nd6
15. Rb2 Nxe4 16. Qd3 Nd6 17. Ne5 Bf5 18. Qa6 Be4 1/2-1/2

[Event "Tradewise Hastings Masters 15-16"]
[Site "Hastings, England"]
[Date "2016.01.02"]
[Round "6.21"]
[White "Roberts, Paul"]
[Black "Pickersgill, Adrian O"]
[Result "1-0"]
[WhiteElo "2197"]
[BlackElo "1986"]
[PlyCount "87"]
[EventDate "2016.??.??"]

1. c4 e5 2. g3 d6 3. Nc3 f5 4. d4 e4 5. f3 exf3 6. exf3 Nf6 7. Nge2 Be7 8. Be3
O-O 9. Bg2 c6 10. d5 c5 11. O-O Nbd7 12. h3 Ne5 13. b3 b6 14. Nf4 Bd7 15. Ne6
Bxe6 16. dxe6 Rc8 17. f4 Ng6 18. Qc2 Nh5 19. Ne2 Nh8 20. Bf3 g6 21. Rae1 Ng7
22. Bd5 h5 23. Bc1 Kh7 24. Bb2 Bf6 25. Kg2 Qe7 26. Ng1 g5 27. Bxf6 Qxf6 28.
fxg5 Qxg5 29. Nf3 Qe7 30. Nh4 Ng6 31. Nxf5 Nxf5 32. Rxf5 Rxf5 33. Qxf5 Rf8 34.
Qxh5+ Kg7 35. Re4 Qf6 36. Qe2 Qe7 37. Rg4 Rf6 38. h4 Kh8 39. Qe3 Ne5 40. Rg5
Qh7 41. Be4 Qe7 42. Rh5+ Kg8 43. Qg5+ Qg7 44. e7 1-0

[Event "Tradewise Hastings Masters 15-16"]
[Site "Hastings, England"]
[Date "2016.01.02"]
[Round "6.22"]
[White "Byron, Alan M"]
[Black "Gallagher, Daniel GH"]
[Result "1-0"]
[WhiteElo "2175"]
[BlackElo "2010"]
[PlyCount "137"]
[EventDate "2016.??.??"]

1. e4 c5 2. Nc3 d6 3. f4 g6 4. Nf3 Bg7 5. Bb5+ Bd7 6. Bxd7+ Qxd7 7. O-O Nc6 8.
d3 e6 9. Ne2 Nge7 10. c3 Rc8 11. Ng3 O-O 12. Be3 b5 13. Ng5 h6 14. Nf3 f5 15.
Qd2 b4 16. h4 bxc3 17. bxc3 c4 18. d4 fxe4 19. Nxe4 Nd5 20. Rae1 Nce7 21. g3
Rc6 22. Qe2 Rb8 23. Bc1 Nf5 24. Kg2 Rf8 25. Rh1 Qf7 26. Bd2 Rb8 27. Nf2 Rb2 28.
Qxe6 Rxa2 29. Qe4 Rb6 30. Ra1 Rab2 31. Nd1 R2b3 32. Ra5 R6b5 33. Ra4 Rb8 34.
Re1 Kh7 35. Kh2 R8b7 36. Qe2 Nb6 37. Ra5 Re7 38. Qf2 Rxe1 39. Qxe1 Bf6 40. Qe4
Kg7 41. Kh3 Qd7 42. Kg2 Ne7 43. Nf2 Nc6 44. Ra2 a5 45. d5 Ne7 46. Rxa5 Rb5 47.
Rxb5 Qxb5 48. g4 Nexd5 49. g5 hxg5 50. hxg5 Bd8 51. Nh4 Ne7 52. Qd4+ Kf7 53.
Ne4 Qd5 54. Qxd5+ Nexd5 55. Nxd6+ Kg7 56. Kf3 Be7 57. Nb5 Bc5 58. Ke4 Kf7 59.
Nf3 Kg7 60. Ne5 Be7 61. Be1 Bc5 62. Nxc4 Nxf4 63. Nxb6 Ng2 64. Nd7 Be7 65. Bd2
Nh4 66. c4 Nf5 67. c5 Ng3+ 68. Kd5 Bxc5 69. Nxc5 1-0

[Event "Tradewise Hastings Masters 15-16"]
[Site "Hastings, England"]
[Date "2016.01.02"]
[Round "6.23"]
[White "Rice, Chris B"]
[Black "Snape, Ian L"]
[Result "0-1"]
[WhiteElo "1956"]
[BlackElo "2168"]
[PlyCount "60"]
[EventDate "2016.??.??"]

1. c4 Nf6 2. g3 g6 3. Bg2 Bg7 4. Nc3 O-O 5. e4 c5 6. d3 Nc6 7. Nge2 d6 8. O-O
Rb8 9. h3 a6 10. a4 Ne8 11. Be3 Nc7 12. d4 cxd4 13. Nxd4 Ne6 14. Nde2 Bd7 15.
f4 Na5 16. b3 b5 17. cxb5 axb5 18. Rb1 bxa4 19. bxa4 Rxb1 20. Nxb1 Nc4 21. Bf2
Nb2 22. Qd2 Nxa4 23. Rc1 Nec5 24. Qc2 Qa5 25. Nbc3 Rb8 26. Nxa4 Bxa4 27. Qc4
Bb5 28. Qc2 Bd3 29. Qd1 Qa3 30. e5 Bxe2 0-1

[Event "Tradewise Hastings Masters 15-16"]
[Site "Hastings, England"]
[Date "2016.01.02"]
[Round "6.24"]
[White "Spanton, Tim R"]
[Black "Burrows, Martin P"]
[Result "0-1"]
[WhiteElo "1936"]
[BlackElo "2145"]
[PlyCount "64"]
[EventDate "2016.??.??"]

1. d4 Nf6 2. Nc3 d5 3. Bg5 c5 4. e3 Nc6 5. Be2 cxd4 6. exd4 Bf5 7. a3 e6 8. Nf3
h6 9. Bh4 Rc8 10. O-O Bd6 11. Bd3 Bg4 12. Be2 Bxf3 13. Bxf3 Qb6 14. Bxf6 gxf6
15. Bxd5 exd5 16. Re1+ Kf8 17. Qg4 Rd8 18. Rad1 Ne7 19. Qf3 Rg8 20. g3 f5 21.
Kh1 Rg6 22. h4 Qc6 23. Rd3 Rg4 24. h5 Re4 25. Rdd1 Rxe1+ 26. Rxe1 Bc7 27. Nd1
Qxc2 28. Nc3 Qd2 29. Re2 Qg5 30. Nb5 Bb6 31. Re5 a6 32. Nc3 Bxd4 0-1

[Event "Tradewise Hastings Masters 15-16"]
[Site "Hastings, England"]
[Date "2016.01.02"]
[Round "6.25"]
[White "Hand, Freddie"]
[Black "Rayner, Francis"]
[Result "0-1"]
[WhiteElo "1878"]
[BlackElo "2106"]
[PlyCount "69"]
[EventDate "2016.??.??"]

1. d4 Nf6 2. c4 e6 3. Nc3 Bb4 4. e3 b6 5. Nge2 Bb7 6. a3 Be7 7. d5 O-O 8. Ng3
Re8 9. Be2 exd5 10. cxd5 Bd6 11. f4 Bf8 12. e4 d6 13. O-O c6 14. dxc6 Bxc6 15.
Bc4 b5 16. Ba2 Qb6+ 17. Kh1 Qb7 18. b4 Nbd7 19. Qd4 Nb6 20. Bb1 Rad8 21. Ra2
Nc4 22. Re2 Qb6 23. Qd3 g6 24. f5 d5 25. fxg6 dxe4 26. Qc2 fxg6 27. Rxf6 Bg7
28. Rf1 e3 29. Ba2 Qd4 30. Nd1 Bd5 31. Rfe1 Rc8 32. Qb1 Bh6 33. Nf1 Be4 34. Qb2
Qxb2 35. Nxb2 0-1